Code Cracker! IV Quiz Stats

 Plays Quiz Updated Jul 16, 2017

Support Sporcle.
Go Orange.
Score 0/175 Timer 04:00
20 Plays Today
% Correct
✔​​
100%
P​
100%
P​
100%
P​
100%
P​
100%
P​
100%
✔​​
100%
Z​
100%
Z​
100%
Z​
100%
✔​​
94.5%
I​
94.5%
I​
94.5%
I​
94.5%
I​
94.5%
I​
94.5%
I​
94.5%
I​
94.5%
I​
94.5%
I​
94.5%
I​
94.5%
I​
94.5%
I​
94.5%
I​
94.5%
I​
94.5%
I​
94.5%
✔​​
94.3%
E​
94.3%
E​
94.3%
E​
94.3%
E​
94.3%
E​
94.3%
E​
94.3%
E​
94.3%
E​
94.3%
E​
94.3%
E​
94.3%
E​
94.3%
E​
94.3%
E​
94.3%
E​
94.3%
E​
94.3%
E​
94.3%
E​
94.3%
E​
94.3%
E​
94.3%
E​
94.3%
E​
94.3%
E​
94.3%
E​
94.3%
✔​​
93.9%
A​
93.9%
A​
93.9%
A​
93.9%
A​
93.9%
A​
93.9%
A​
93.9%
A​
93.9%
A​
93.9%
% Correct
A​
93.9%
A​
93.9%
A​
93.9%
A​
93.9%
A​
93.9%
A​
93.9%
A​
93.9%
R​
93.9%
✔​​
93.9%
R​
93.9%
R​
93.9%
R​
93.9%
R​
93.9%
R​
93.9%
R​
93.9%
R​
93.9%
R​
93.9%
R​
93.9%
R​
93.9%
✔​​
93%
S​
93%
S​
93%
S​
93%
S​
93%
S​
93%
S​
93%
S​
93%
S​
93%
S​
93%
S​
93%
✔​​
92%
L​
92%
L​
92%
L​
92%
L​
92%
L​
92%
L​
92%
L​
92%
L​
92%
✔​​
91.8%
T​
91.8%
T​
91.8%
T​
91.8%
T​
91.8%
T​
91.8%
T​
91.8%
T​
91.8%
T​
91.8%
T​
91.8%
✔​​
91.1%
N​
91.1%
N​
91.1%
N​
91.1%
N​
91.1%
N​
91.1%
N​
91.1%
N​
91.1%
N​
91.1%
✔​​
91%
% Correct
C​
91%
C​
91%
C​
91%
C​
91%
C​
91%
C​
91%
C​
91%
C​
91%
✔​​
90.5%
O​
90.5%
O​
90.5%
O​
90.5%
O​
90.5%
O​
90.5%
O​
90.5%
O​
90.5%
✔​​
90.4%
D​
90.4%
D​
90.4%
D​
90.4%
D​
90.4%
✔​​
88.9%
G​
88.9%
G​
88.9%
G​
88.9%
G​
88.9%
G​
88.9%
✔​​
88.6%
K​
88.6%
K​
88.6%
✔​​
88.4%
V​
88.4%
V​
88.4%
V​
88.4%
✔​​
88%
Y​
88%
✔​​
87.1%
W​
87.1%
✔​​
86.6%
F​
86.6%
F​
86.6%
U​
85.5%
✔​​
85.5%
U​
85.5%
U​
85.5%
✔​​
83.7%
M​
83.7%
✔​​
82.4%
Q​
82.4%
✔​​
78.5%
B​
78.5%
✔​​
78%
H​
78%
✔​​
76.8%
J​
76.8%
✔​​
74.8%
X​
74.8%

You're not logged in!

Compare scores with friends on all Sporcle quizzes.
OR
Log In
Forgot?

From the Vault

Finish the Famous Fives

by DesertSpartan

If you like your quiz titles to be alliterative, we've got you covered.
Remove Ads.
Support Sporcle.
Get the best of Sporcle when you Go Orange. This ad-free experience offers more features, more stats, and more fun while also helping to support Sporcle. Thank you for becoming a member.

Show Comments

Extras

Top Quizzes Today


Score Distribution

Your Account Isn't Verified!

In order to create a playlist on Sporcle, you need to verify the email address you used during registration. Go to your Sporcle Settings to finish the process.

Report this User

Report this user for behavior that violates our Community Guidelines.

Details: